000 00851nam a2200193 i 4500
001 120731
003 ES-MaACL
005 20230906191618.0
007 t|
008 070214s1915 sp r ||||1| spa d
100 1 _aPrado y Palacio, José del.
_993628
245 1 0 _aInforme que eleva el Alcalde Presidente del Ayuntamiento de Madrid Excmo. Sr. D. José del Prado y Palacio al Excmo. Sr. Ministro de la Gobernación referente al establecimiento de una fábrica de harinas, una panadería y silos para almacenar los trigos.
260 _aMadrid :
_b[s. n.],
_c1915 (
_fImp. Municipal)
300 _a15 p., [7] h., [2] h. pleg. de planos ;
_c27 cm.
594 _aPrecede al tít.: Ayuntamiento de Madrid.
650 4 _aIndustria del pan-
_zMadrid.
_9164027
650 4 _aCooperativas de producción-
_zMadrid.
_9164028
852 _aES-MaACL
_j1500-F-4
999 _c120731
_d120731